|
|
|
|
| LEADER |
00000nam0a2200000 4500 |
| 001 |
378492 |
| 005 |
20231101054543.0 |
| 010 |
|
|
|a 9024729831
|
| 035 |
|
|
|a (RuTPU)RU\TPU\retro\35948
|
| 035 |
|
|
|a RU\TPU\book\278431
|
| 090 |
|
|
|a 378492
|
| 100 |
|
|
|a 20230601d1985 k y0engy50 ca
|
| 101 |
0 |
|
|a eng
|
| 102 |
|
|
|a US
|
| 105 |
|
|
|a a z 001zy
|
| 200 |
1 |
|
|a Linear vibrations/ A theoretical tretment of multi-degree-of-freedom vibrating systems
|f P. C. Müller, W. O. Schiehlen
|
| 210 |
|
|
|a Dordrecht
|a Boston
|a Lancaster
|c Martinus Nijhoff publishers
|d 1985
|
| 215 |
|
|
|a 327 с.
|c il.
|
| 225 |
1 |
|
|a Mechanics: Dinamical Systems
|
| 320 |
|
|
|a References: p. 321-324.
|
| 320 |
|
|
|a Index: p. 325-327.
|
| 333 |
|
|
|a Исключено из фонда НТБ ТПУ
|
| 675 |
|
|
|a 62-686
|v 3
|
| 700 |
|
1 |
|a Müller
|b P. C.
|
| 701 |
|
1 |
|a Schiehlen
|b W. O.
|
| 801 |
|
1 |
|a RU
|b 63413507
|c 20140402
|
| 801 |
|
2 |
|a RU
|b 63413507
|c 20230601
|g RCR
|
| 942 |
|
|
|c BK
|